Muhammad als "Ibrâhîm redivivus": islamische Perspektiven auf den "Urvater der Monotheisten"
Within the Islamic tradition, Ibrâhîm is portrayed as “Muhammad ante Muhammad”, whose outstanding trait consists in him being a monotheist par excellence, albeit this applies strictly to the framework and outlook of Islamic monotheism (keyword tauhîd). After Muhammad has to leave Mecca, Islam become...
| Main Author: | |
|---|---|
| Format: | Print Article |
| Language: | German |
| Check availability: | HBZ Gateway |
| Interlibrary Loan: | Interlibrary Loan for the Fachinformationsdienste (Specialized Information Services in Germany) |
| Published: |
2013
|
| In: |
Glaube und Lernen
Year: 2013, Volume: 28, Issue: 1, Pages: 68-83 |
| Standardized Subjects / Keyword chains: | B
Muḥammad 570-632
/ Monotheism
/ Interfaith dialogue
/ Islam
|
| RelBib Classification: | AX Inter-religious relations BJ Islam HB Old Testament HC New Testament |
| Further subjects: | B
Islam
B Abraham Biblical person B Monotheism B Typology B Koran B New Testament |
| Online Access: |
Volltext (kostenfrei) Volltext (kostenfrei) |
| Rights Information: | InC 1.0 |
MARC
| LEADER | 00000caa a2200000 c 4500 | ||
|---|---|---|---|
| 001 | 1632633647 | ||
| 003 | DE-627 | ||
| 005 | 20220810132743.0 | ||
| 007 | tu | ||
| 008 | 130722s2013 xx ||||| 00| ||ger c | ||
| 035 | |a (DE-627)1632633647 | ||
| 035 | |a (DE-576)391322656 | ||
| 035 | |a (DE-599)BSZ391322656 | ||
| 040 | |a DE-627 |b ger |c DE-627 |e rda | ||
| 041 | |a ger | ||
| 084 | |a 1 |2 ssgn | ||
| 100 | 1 | |e VerfasserIn |0 (DE-588)102452339X |0 (DE-627)719968003 |0 (DE-576)368579859 |4 aut |a Rehfeld, Emmanuel L. |d 1980- | |
| 109 | |a Rehfeld, Emmanuel L. 1980- |a Rehfeld, Emmanuel 1980- | ||
| 245 | 1 | 0 | |a Muhammad als "Ibrâhîm redivivus" |b islamische Perspektiven auf den "Urvater der Monotheisten" |c Emmanuel L. Rehfeld |
| 264 | 1 | |c 2013 | |
| 336 | |a Text |b txt |2 rdacontent | ||
| 337 | |a ohne Hilfsmittel zu benutzen |b n |2 rdamedia | ||
| 338 | |a Band |b nc |2 rdacarrier | ||
| 520 | |a Within the Islamic tradition, Ibrâhîm is portrayed as “Muhammad ante Muhammad”, whose outstanding trait consists in him being a monotheist par excellence, albeit this applies strictly to the framework and outlook of Islamic monotheism (keyword tauhîd). After Muhammad has to leave Mecca, Islam becomes the unique representation of “Ibrâhîm’s religious commu-nity” (millat Ibrâhîm), resulting in the change of the prayer direction (qibla) from Jerusalem to Mecca. Judaism and Christianity are henceforth portrayed as chronologically posterior and with regard to their contents inferior. Wherever Qur’ân or Sunna seem to speak of Abraham, they effectively point to Muhammad as “Ibrâhîm redivivus” and “seal of the prophets”. Largely in opposition to that view, Abraham is not a central protagonist of New Testament theology. When referred to, he is depicted as inferior contrast figure in comparison to Christ, while his attitude is highlighted as archetype and ideal of the Christian believer. In summary, it is not possible to ignore Abraham’s relevance and importance as “father of many peoples”, but theological reception and conclusion vary and differ to a large extent. | ||
| 540 | |q DE-Tue135 |a Urheberrechtsschutz 1.0 |2 rs |u http://rightsstatements.org/vocab/InC/1.0/ | ||
| 600 | 0 | 7 | |0 (DE-588)118500201 |0 (DE-627)694762245 |0 (DE-576)208837205 |a Abraham |c Biblische Person |2 gnd |
| 601 | |a Perspektive | ||
| 630 | 0 | 7 | |0 (DE-588)4032444-8 |0 (DE-627)10626186X |0 (DE-576)208996842 |a Koran |2 gnd |
| 630 | 0 | 7 | |0 (DE-588)4041771-2 |0 (DE-627)106217658 |0 (DE-576)209046724 |a Bibel |p Neues Testament |2 gnd |
| 650 | 0 | 7 | |0 (DE-588)4040107-8 |0 (DE-627)106225359 |0 (DE-576)209038063 |a Monotheismus |2 gnd |
| 650 | 0 | 7 | |0 (DE-588)4027743-4 |0 (DE-627)106283499 |0 (DE-576)20897220X |a Islam |2 gnd |
| 650 | 0 | 7 | |0 (DE-588)4061321-5 |0 (DE-627)104571705 |0 (DE-576)209139315 |a Typologie |2 gnd |
| 652 | |a AX:BJ:HB:HC | ||
| 689 | 0 | 0 | |d p |0 (DE-588)118583158 |0 (DE-627)079377483 |0 (DE-576)162321244 |2 gnd |a Muḥammad |d 570-632 |
| 689 | 0 | 1 | |d s |0 (DE-588)4040107-8 |0 (DE-627)106225359 |0 (DE-576)209038063 |2 gnd |a Monotheismus |
| 689 | 0 | 2 | |d s |0 (DE-588)4192352-2 |0 (DE-627)105235164 |0 (DE-576)210079924 |2 gnd |a Interreligiöser Dialog |
| 689 | 0 | 3 | |d s |0 (DE-588)4027743-4 |0 (DE-627)106283499 |0 (DE-576)20897220X |2 gnd |a Islam |
| 689 | 0 | |5 (DE-627) | |
| 773 | 0 | 8 | |i Enthalten in |t Glaube und Lernen |d Göttingen : Edition Ruprecht, 1986 |g 28(2013), 1, Seite 68-83 |w (DE-627)130423785 |w (DE-600)631244-5 |w (DE-576)015924661 |x 0179-3551 |7 nnas |
| 773 | 1 | 8 | |g volume:28 |g year:2013 |g number:1 |g pages:68-83 |
| 776 | 1 | |o 10.15496/publikation-71682 | |
| 856 | 4 | 1 | |u http://hdl.handle.net/10900/130321 |x Resolving-System |z kostenfrei |3 Volltext |7 0 |
| 856 | 4 | 1 | |u http://dx.doi.org/10.15496/publikation-71682 |x Resolving-System |z kostenfrei |3 Volltext |7 0 |
| 935 | |a BIIN | ||
| 951 | |a AR | ||
| BIB | |a 1 | ||
| ELC | |b 1 | ||
| ITA | |a 1 | ||
| LOK | |0 000 xxxxxcx a22 zn 4500 | ||
| LOK | |0 001 3285102845 | ||
| LOK | |0 003 DE-627 | ||
| LOK | |0 004 1632633647 | ||
| LOK | |0 005 20130722111749 | ||
| LOK | |0 008 130722||||||||||||||||ger||||||| | ||
| LOK | |0 040 |a DE-21-31 |c DE-627 |d DE-21-31 | ||
| LOK | |0 852 |a DE-21-31 | ||
| LOK | |0 852 1 |c Ze 123-28,1 |m p |9 00 | ||
| LOK | |0 935 |a ixzs | ||
| LOK | |0 938 |k p | ||
| LOK | |0 939 |a 22-07-13 |b l01 | ||
| LOK | |0 000 xxxxxcx a22 zn 4500 | ||
| LOK | |0 001 3285102934 | ||
| LOK | |0 003 DE-627 | ||
| LOK | |0 004 1632633647 | ||
| LOK | |0 005 20220525104941 | ||
| LOK | |0 008 130906||||||||||||||||ger||||||| | ||
| LOK | |0 040 |a DE-Tue135 |c DE-627 |d DE-Tue135 | ||
| LOK | |0 092 |o n | ||
| LOK | |0 852 |a DE-Tue135 | ||
| LOK | |0 852 1 |9 00 | ||
| LOK | |0 866 |x #012 | ||
| LOK | |0 866 |x Manuskript | ||
| LOK | |0 935 |a ixzs |a ixzw | ||
| LOK | |0 936ln |0 1442043539 |a BJ | ||
| LOK | |0 936ln |0 1442043253 |a AX | ||
| LOK | |0 939 |a 06-09-13 |b l01 | ||
| LOK | |0 000 xxxxxcx a22 zn 4500 | ||
| LOK | |0 001 3285102942 | ||
| LOK | |0 003 DE-627 | ||
| LOK | |0 004 1632633647 | ||
| LOK | |0 005 20190311225440 | ||
| LOK | |0 008 190311||||||||||||||||ger||||||| | ||
| LOK | |0 035 |a (DE-Tue135-1)235650 | ||
| LOK | |0 040 |a DE-Tue135-1 |c DE-627 |d DE-Tue135-1 | ||
| LOK | |0 852 |a DE-Tue135-1 | ||
| LOK | |0 852 1 |c FTH097957/28/RDE |m p |9 00 | ||
| LOK | |0 852 2 |b Z 5/295 |9 00 | ||
| LOK | |0 935 |a iZSA | ||
| LOK | |0 936ln |0 1442044136 |a HC | ||
| LOK | |0 936ln |0 1442043539 |a BJ | ||
| LOK | |0 936ln |0 1442044128 |a HB | ||
| LOK | |0 938 |k p | ||
| LOK | |0 939 |a 11-03-19 |b l12 | ||
| OAS | |a 1 | ||
| ORI | |a SA-MARC-ixtheoa001.raw | ||
| REL | |a 1 | ||
| STA | 0 | 0 | |a Interfaith dialogue,Interreligious relations,Interreligious dialog,Interreligious encounter,Islam,Islam,Koran,Muḥammad,Kur'an,Qur'an,Monotheism,Monotheistic religion,Typology,Typology |
| STB | 0 | 0 | |a Dialogue interreligieux,Dialogue interreligieux,Islam,Islam,Monothéisme,Typologie,Typologie |
| STC | 0 | 0 | |a Diálogo interreligioso,Diálogo inter-religioso,Islam,Islam,Monoteísmo,Tipología,Tipología |
| STD | 0 | 0 | |a Dialogo interreligioso,Dialogo interreligioso,Islam,Islam,Monoteismo,Tipologia,Tipologia |
| STE | 0 | 0 | |a 一神论,伊斯兰教,伊斯兰教,回教,回教,宗教间关系,预表,类型学 |
| STF | 0 | 0 | |a 一神論,伊斯蘭教,伊斯蘭教,回教,回教,宗教間關係,預表,類型學 |
| STG | 0 | 0 | |a Diálogo inter-religioso,Diálogo inter-religioso,Islã,Islã,Monoteísmo,Tipologia,Tipologia |
| STH | 0 | 0 | |a Ислам (мотив),Ислам,Межрелигиозный диалог,Монотеизм,Типология (литература),Типология |
| STI | 0 | 0 | |a Διαθρησκειακός διάλογος,Ισλάμ (μοτίβο),Ισλάμ,Μονοθεϊσμός,Τυπολογία (λογοτεχνία),Τυπολογία |
| SUB | |a BIB |a REL | ||
| SYA | 0 | 0 | |a Ibrahim,Biblische Person,Abram,Biblische Person |
| SYD | 0 | 0 | |a al- Qurʾān,Kur'ân,Qorān,Qor'ân,Qur'an,Qurʾān,Kuran,Kuran-ı kerim,al-Furqān,al- Furqān,al-Furqān,Koranio,al-Qurʾān,The Holy Qur'an,Gulanjing,Mushaf al-Madina an-nabawiyya al-murattal 'ala riwayat Hafs 'an Asim,al-Qurʾān al-karīm,Alcoranus Mahometicus,Coranus Arabice,Der Koran,Le Coran,The Qoran,The Holy Qurʾān,Il Corano,Qurʾān-i maǧīd,Qurʾān maǧīd,al-Muṣḥaf aš-šarīf,Muṣḥaf al-Madīna an-nabawiyya al-murattal ʿalā riwāyat Ḥafṣ ʿan Āṣim,Coran,al-Qur'an,Xuraan,القرآن,القرآن,ال فرقان,قرآن,古蘭經 , Centenary translation of the New Testament,Bibel,Neues Testament,Septembertestament,Das Newe Testament Deutzsch,Bibel,Septembertestament,Bibel,Die Botschaft Gottes,Greek New Testament,Greek New Testament,The Greek New Testament,GNT,Neues Testament,Novum Testamentum,Testamentum novum,Nor Ktakaran,Novijat Zavet,Novyj Zapovit,Das Neue Testament,Le Nouveau Testament,Il Nouv Testamaint,The New Testament,Nuevo Testamento,Novʹy Zákon,Novi Javjet,Novo Testamento,Novyj Zavet,Nowy Testament,Nowý Zákon,U`j Szövetség,U`j Testamentom,Die Heilige Schrift des Neuen Testaments,Det Ny Testamente,Det Nya Testamentet,Il Nuovo Testamento,Ds Nöie Teschtamänt,Hab-berit ha-ḥadaša,Sifrê hab-berit ha-ḥadaša,Niev Testament,Novum Testamentum Graece,The Greek New Testament,Novum Testamentum Graece et Latine,E Kainē diathēkē,al- ʿAhd al-ǧadīd li rabbinā wa muḫalliṣinā Yasūʿa ăl-masīḥ,al- ʿAhd al-ǧadīd,S@nöie Teschdamänt,Se Wsi Testamenti,Tèstamènt nobo,Mkpaman Elat,Bible,N.T.,Uus Testament |
| SYE | 0 | 0 | |a Monotheistische Religion , Islam , Typenlehre |
| SYG | 0 | 0 | |a Muḥammad,Prophet,570-632,Muhammad,der Prophet,570-632,Muḥammad an-Nabī,570-632,Muḥammad,Nabī,570-632,Muḥammad Ibn-ʿAbdallāh Ibn-ʿAbd-al-Muṭṭalib,570-632,Muḥammad Ibn-ʿAbdallāh,Prophet,570-632,Muḥammad,Rasūl Allāh,570-632,Muhhamad,Prophet,570-632,Muhammad,570-632,Muhamed,570-632,Muhammed,570-632,Muhammed,der Sohn Abdall,570-632,Muḥammad Ibn-ʿAbdallāh,570-632,Muhhammed,Prophet,570-632,Muhammedanus,570-632,Macometto,570-632,Maometto,Profeta,570-632,Machomet,570-632,Mahmed,570-632,Mahomed,570-632,Mahomed,Prophet,570-632,Mahommed,570-632,Mahomet,Prophet,570-632,Machomet,Prophet,570-632,Mahoma,570-632,Mahomet,570-632,Mahumed,570-632,Machumet,570-632,Mahumetus,570-632,Magomet,570-632,Meḥmet,570-632,Meḥmed,570-632,Mehemmed,570-632,Mohamad,570-632,Mohamed,570-632,Mohamed,Prophet,570-632,Moḥammad,570-632,Mohammed,Prophet,570-632,Mohammed Ibn Abdallah,570-632,Mohammed,Abdallah, Sohn,570-632,Mohammed Filius Abdallae,570-632,Mohammed,570-632,Mohamet,570-632,Mohamet,Prophet,570-632,Mouhamed,570-632,Baġdādī, Muḥammad Ibn-Sulaimān al-,570-632 , Monotheistische Religion , Interreligiöse Beziehung,Interreligiöse Begegnung,Interreligiöser Kontakt,Religionskontakt , Islam |



